El campo de la muerte lenta / (Record no. 32981)

MARC details
000 -LEADER
campo de control de longitud fija 00574nam a2200169 i 4500
001 - NÚMERO DE CONTROL
campo de control 32981
003 - IDENTIFICADOR DE NÚMERO DE CONTROL
campo de control ES-MaACL
005 - FECHA Y HORA DE LA ÚLTIMA TRANSACCIÓN
campo de control 20230906154655.0
007 - CAMPO FIJO DE DESCRIPCIÓN FÍSICA--INFORMACIÓN GENERAL
campo de control de longitud fija t|
008 - DATOS DE LONGITUD FIJA--INFORMACIÓN GENERAL
campo de control de longitud fija 030131s1945 ag ||||1| spa d
100 1# - ENTRADA PRINCIPAL--NOMBRE DE PERSONA
Nombre de persona Bernard, Jean-Jacques.
9 (RLIN) 28242
245 13 - MENCIÓN DEL TÍTULO
Título El campo de la muerte lenta /
Mención de responsabilidad, etc. Jean Jacques Bernard ; traducción de Santiago Cunchillos Manterola.
260 ## - PUBLICACIÓN, DISTRIBUCIÓN, ETC.
Lugar de publicación, distribución, etc. Buenos Aires :
Nombre del editor, distribuidor, etc. Alda,
Fecha de publicación, distribución, etc. [1945] (
Fabricante Tall. Gráf.Anglo Argentinos S.R.L.)
300 ## - DESCRIPCIÓN FÍSICA
Extensión 225 p. ;
Dimensiones 20 cm.
700 1# - ENTRADA AGREGADA--NOMBRE PERSONAL
Nombre de persona Cunchillos Manterola, Santiago.
9 (RLIN) 42166
852 ## - LOCALIZACIÓN
Ubicación ES-MaACL
Número de control de estantería C-5160
Sublocalización o colección R.25933
Holdings
Estatus retirado Estado de pérdida Estado de daño No para préstamo Biblioteca de origen Biblioteca actual Ubicación en estantería Fecha de adquisición Fuente de adquisición Total de préstamos Signatura topográfica completa Código de barras Visto por última vez Precio de reemplazo Tipo de ítem Koha
        Biblioteca del Ateneo de Madrid Biblioteca del Ateneo de Madrid Sala Palomar 17/01/2008     C-5160 1034276 23/02/2023 23/02/2023 Libro impreso